Ageing process of population and social policy in the Slovak Republic
Proces starnutia populácie a nárast počtu seniorov. Situácia a problémy v oblasti poskytovania sociálnych služieb. Právna ochrana seniorov a dôvody prečo by mali byť sociálne služby a poskytovatelia sociálnych služieb prioritou pre štát.
Enregistré dans:
| Auteur principal: | |
|---|---|
| Format: | Chapitre de livre |
| Langue: | anglais |
| Sujets: | |
| Tags: |
Pas de tags, Soyez le premier à ajouter un tag!
|
MARC
| LEADER | 00000nla a2200000 4500 | ||
|---|---|---|---|
| 001 | 0220113 | ||
| 005 | 20240417075108.0 | ||
| 041 | 0 | |a eng | |
| 044 | |a CZ | ||
| 245 | 1 | 0 | |a Ageing process of population and social policy in the Slovak Republic |c Katarína Baničová |
| 520 | |a Proces starnutia populácie a nárast počtu seniorov. Situácia a problémy v oblasti poskytovania sociálnych služieb. Právna ochrana seniorov a dôvody prečo by mali byť sociálne služby a poskytovatelia sociálnych služieb prioritou pre štát. | ||
| 610 | 2 | 0 | |a Slovensko |
| 610 | 2 | 0 | |a politika sociálna |
| 610 | 2 | 0 | |a situácia sociálna |
| 610 | 2 | 0 | |a práca sociálna |
| 610 | 2 | 0 | |a služby starostlivosti sociálnej |
| 610 | 2 | 0 | |a potreby sociálne |
| 610 | 2 | 0 | |a seniori |
| 100 | 1 | |a Baničová, Katarína | |